01142cam a22003135i 4500999001700000001001000017003000900027005001700036008004100053020002100094020002400115040004300139082001900182100004700201245004800248264005600296300002300352336002600375337002800401338002700429650004400456650003700500650003500537651001000572653005400582655002400636942001200660952015600672 c20815d20787009380888EG-ScBUE20210201112721.0040223s2013 enk g 000 f eng d a0007156103 (pbk) a9780007156108 (pbk) aIeDuTCbengerdacIeDuTCdUkdEG-ScBUE04a813.6bWEI2221 aWeisberger, Lauren,d1977-eauthor.93846014aThe devil wears Prada /cLauren Weisberger. 1aLondon :bHarper / HarperCollins Publishers,c2013. a391 pages ;c20 cm atextbtxt2rdacontent aunmediatedbn2rdamedia avolumebnc2rdacarrier 7aPeriodicalsxPublishingvFiction2BUEsh 7aFashion editorsvFiction.2BUEsh 7aWomen editorsvFiction.2BUEsh 2BUEsh bHHUUEENNcSeptember2015cOctober2015dBestSellers vReading book934232 2ddccBB 00102ddc40708BaccahaMAINbMAINc2NDd2015-09-01ePurchaseg80.00h23317l11m40o813.6 WEIp000039556r2026-02-15 00:00:00s2025-12-14v100.00yBB